000 00462cam a22001337a 4500
008 180718b1969 xxu||||| |||| 00| 0 eng d
082 _aT212x5441 G949r/2
100 _aGujarat. Textile Reoganisation Committee
245 _aSecond Report of the Textile Reorganisation Committee
_cby Textile Reoganisation Committee, Gujarat
260 _aAhmedabad
_bThe author
_c1969
300 _a60+p.
500 _aChairman: Maubhai Shah
700 _aShah, Manubhai (Chairman)
999 _c489678
_d489678